Aquatic ecosystem

Uloženo v:
Podrobná bibliografie
Hlavní autor: KUMAR, Ashok
Médium: Kniha
Jazyk:angličtina
Vydáno: Discovery Publishers, 2012.
Tagy: Přidat tag
Žádné tagy, Buďte první, kdo vytvoří štítek k tomuto záznamu!

MARC

LEADER 00000nam a22000007a 4500
008 210702b ||||| |||| 00| 0 eng d
020 |a 978-93-5056-067-9 
100 |a KUMAR, Ashok. 
245 |a Aquatic ecosystem  |c Ashok Kumar 
260 |b Discovery Publishers,  |c  2012.  |h New Delhi:   |i 683760   |l QH90 .K96  |m Ecosystems management. 
500 |a “It includes index”. 
942 |a lcc  |c BK  |e Adeniran, F. A.  |f 02/07/2021 
952 |0 0  |1 0  |2 lcc  |4 0  |6 QH0090 K96  |7 0  |9 2703  |a HOL  |b HOL  |c QZ  |d 2021-07-02  |l 0  |o QH90 .K96  |p 2021-6547  |r 2021-07-02 00:00:00  |w 2021-07-02  |y BK 
999 |c 1404  |d 1404